| Tag |
First Indicator |
Second Indicator |
Subfields |
| LEADER |
00000cam a2200000 a 4500 |
| 001 |
in00000855404 |
| 005 |
20151019071646.0 |
| 008 |
850920s1985 dcuk s f00010 eng d |
| 010 |
|
|
|a gp 86000111
|
| 020 |
|
|
|c $10.00
|
| 035 |
|
|
|a (OCoLC)12580756
|
| 035 |
|
|
|9 AED6487AM
|
| 040 |
|
|
|a YHM
|c YHM
|d GPO
|d UtOrBLW
|
| 043 |
|
|
|a n-us---
|
| 074 |
|
|
|a 133-B-1
|
| 086 |
0 |
|
|a C 3.256/6:WC-82-I-1
|
| 088 |
|
|
|a WC 82-I-1
|
| 090 |
|
|
|a HF5421
|b .C4 1982b
|
| 130 |
0 |
|
|a Census of wholesale trade (1982)
|
| 245 |
1 |
0 |
|a 1982 census of wholesale trade.
|p Industry series.
|p Establishment and firm size (including legal form of organization).
|
| 264 |
|
1 |
|a Washington, D.C. :
|b U.S. Dept. of Commerce, Bureau of the Census :
|c 1985.
|
| 264 |
|
2 |
|a Washington, D.C. :
|b For sale by the Supt. of Docs., U.S. G.P.O.,
|
| 300 |
|
|
|a 272 pages in various pagings :
|b forms ;
|c 28 cm.
|
| 336 |
|
|
|a text
|b txt
|2 rdacontent
|
| 337 |
|
|
|a unmediated
|b n
|2 rdamedia
|
| 338 |
|
|
|a volume
|b nc
|2 rdacarrier
|
| 500 |
|
|
|a "Issued May 1985."
|
| 500 |
|
|
|a "WC82-I-1."
|
| 650 |
|
0 |
|a Wholesale trade
|z United States
|x Statistics.
|
| 710 |
1 |
|
|a United States.
|b Bureau of the Census.
|
| 740 |
0 |
|
|a Industry series, establishment and firm size (including legal form of organization)
|
| 740 |
0 |
|
|a Establishment and firm size (including legal form of organization)
|
| 999 |
|
|
|a MARS
|
| 999 |
f |
f |
|s 0852bf38-02cb-3caa-a3a4-0bc7cb97bf85
|i d1da290e-a2ff-3d14-aaa2-750afbab139d
|t 0
|
| 952 |
f |
f |
|p noncirc
|a Texas A&M University
|b College Station
|c Sterling C. Evans Library
|d Evans: US Documents (Annex 5th floor)
|t 0
|e C 3.256/6:WC-82-I-1
|h Superintendent of Documents classification
|i unmediated -- volume
|m A14814608079
|
| 998 |
f |
f |
|a C 3.256/6:WC-82-I-1
|t 0
|l Evans: US Documents (Annex 5th floor)
|